000 00451nam a2200157Ia 4500
008 160316s2010 xxu||||| |||| 00| 0 eng d
082 _a344.044000
_bHAL
100 _aHale Brenda
245 _aMental health law
250 _a5th
260 _aLondon
_bSweet & Maxwell
_c2010
300 _a388p
_b
_cli
365 _bRs. 5,237
650 _a1. Mental Health - Law & Legislations - U K 2. Mental Health - Law - Policy - Practice - U K
700 _a
_a
999 _c27578
_d27578